000 00575nam a22001697a 4500
003 OSt
005 20171010095528.0
008 121004t xxu||||| |||| 00| 0 eng d
040 _aMMSU
_cULS
100 _aGalut, Christopher D.
_913129
245 _aPhysical and chemical characteristics of pangasinan zeolite clay
_cChristopher D. Galut
260 _c2008
300 _axiii, 47 leaves
_c28 cm.
500 _aThesis (BS Ceramic Engineering) -- Mariano Marcos State University-College of Engineering, Batac City
504 _aBibliography: leaf 33
942 _2ddc
_cTHEDIS
999 _c9808
_d9808